Welcome to the Holygrace Academy Library

Please use search bar below to get started

GERBILS (Record no. 3089)

MARC details
000 -LEADER
fixed length control field 00273nam a22001337a 4500
082 ## - DEWEY DECIMAL CLASSIFICATION NUMBER
Classification number 030
Item number BAR/G
100 ## - MAIN ENTRY--AUTHOR NAME
Personal name BARRETT
100 ## - MAIN ENTRY--AUTHOR NAME
Personal name WEINTROUB
245 ## - TITLE STATEMENT
Title GERBILS
260 ## - PUBLICATION, DISTRIBUTION, ETC. (IMPRINT)
Place of publication LONDON
Name of publisher FRANKLIN WATTS
300 ## - PHYSICAL DESCRIPTION
Number of Pages 32
650 ## - SUBJECT ADDED ENTRY--TOPICAL TERM
Topical Term GENERAL AWARENESS
Geographic subdivision LONDON
942 ## - ADDED ENTRY ELEMENTS (KOHA)
Koha item type Books
Holdings
Withdrawn status Lost status Collection code Home library Current library Shelving location Date acquired Source of acquisition Full call number Accession Number Koha item type
    Reference Main Library Main Library SHELF 2-H -WORLD OF FACTS,ALL ABOUT NATION&ENCYCLOPEDIAS 11/03/2002 PURCHASE 030 BAR/G 01286 Books